Die Genossenschaften in einzelnen Gewerbszweigen

Salvato in:
Dettagli Bibliografici
Natura: Libro
Lingua:tedesco
Pubblicazione: Leipzig Ernst Keil 1873
Tags: Aggiungi Tag
Nessun Tag, puoi essere il primo ad aggiungerne!!

MARC

LEADER 00000nam a2200000 4500
001 0306993
005 20250213091446.1
041 0 |a ger 
044 |a DE 
245 1 0 |a Die Genossenschaften in einzelnen Gewerbszweigen  |c Schulze-Delitzsch 
264 1 |a Leipzig  |b Ernst Keil  |c 1873